000 00512nam a2200169Ia 4500
003 OSt
005 20201223135555.0
008 190216s9999||||xx |||||||||||||| ||und||
040 _coclc
082 _a297.1241
_bKHA/T
100 _aKhan, Muhammad Muhsin
_97823
245 0 _aThe Translation Of The Meanings Of Sahih Al Bukhari /
_cMuhammad Muhsin Khan
260 _bKitab Bhavan,
_aNew Delhi:
300 _a459p
650 _aArabic
942 _cBK
_2ddc
_h297.1241
_iKHA/T
_k297.1241
_mKHA/T
999 _c742
_d742